Purchasing and materials management for health care institutions (Record no. 55350)

MARC details
000 -LEADER
fixed length control field 00500nam a2200133 a 4500
008 - FIXED-LENGTH DATA ELEMENTS--GENERAL INFORMATION
fixed length control field 120416s1975 ||||||||||||||||| || u
050 ## - LIBRARY OF CONGRESS CALL NUMBER
Classification number RA 968 Amm
100 ## - MAIN ENTRY--PERSONAL NAME
Personal name Ammer, Dean S
245 10 - TITLE STATEMENT
Title Purchasing and materials management for health care institutions
260 ## - PUBLICATION, DISTRIBUTION, ETC.
Place of publication, distribution, etc. Lexington
Name of publisher, distributor, etc. Lexington Books
Date of publication, distribution, etc. 1975
300 ## - PHYSICAL DESCRIPTION
Extent xvi, 173p.
350 ## - PRICE (NR) (BK AM CF MU VM SE) [OBSOLETE]
Price 0.00
995 ## - RECOMMENDATION 995 [LOCAL, UNIMARC FRANCE]
-- 0.00
-- CBU-MAIN LIBRARY (Kitwe)
-- 1
-- 0.00
-- AVAILABLE
-- Annex Low-Usage Collection
Holdings
Withdrawn status Lost status Source of classification or shelving scheme Damaged status Not for loan Home library Current library Shelving location Date acquired Total Checkouts Full call number Barcode Date last seen Price effective from Koha item type
          CBU-MAIN LIBRARY, KITWE. CBU-MAIN LIBRARY, KITWE.   11/30/2022   RA 968 Amm 015114 11/30/2022 11/30/2022 MONOGRAPH